00356nam a2200133 a 45000010010000000030011000100080041000210350026000620820014000881000026001022450039001282600031001676500024001980000-8857ELIB.Books110520 1981  a(ELIB.Books)0000-9003 a242 bSmi aSmith, Linda Gramatky aTimeless truths Priceless Promises bMinneapolis: Grason c1981 aDevotional Theology